000 01106nam0a22003251 4500
001 rc\2330811
005 20110829145528.2
035 _a(NLR Aleph) 006676235
090 _a5036250
_c5036250
100 _a20110829d1977 |||y0rusy50 ca
101 0 _arus
102 _aRU
105 _aa z |||||
200 1 _aКак добыли советский радий
_fПод ред. В.М. Вдовенко
205 _a2-е изд., испр. и доп.
210 _aМосква
_cАтомиздат
_d1977
215 _a248 с.
_cил.
_d20
320 _aСписок лит.: с. 212-230
606 _aАтомная промышленность СССР
_xИстория
_2rkp
606 _aРадий
_2rkp
700 1 _aПогодин
_bС. А.
_gСергей Александрович
701 1 _aЛибман
_bЭ. П.
_f1894-
_gЭдуард Петрович
702 1 _aВдовенко
_bВ. М.
_4340
801 0 _aRU
_bNLR
_gpsbo
801 1 _aRU
_bELAR
_2rusmarc
852 _aNLR
_j78-3/2795
899 _aRuMoRGB
_jБ 78-22/93
899 _aRuMoRGB
_jБ 78-22/94
942 _cBOOK
980 _aNB